| 000 | 00360nam a2200145 a 4500 | ||
|---|---|---|---|
| 082 |
_a954.0358 _bCOA |
||
| 100 | 1 |
_aCoatman , J. _950446 |
|
| 245 | _aIndia in 1928 - 29. | ||
| 260 |
_aCALCUTTA: _bINDIA , _c1930 |
||
| 300 | _a416 p. | ||
| 500 | _aVol 2 | ||
| 526 |
_a0 _b0 _c0 _d954_035800000000000_COA |
||
| 650 | 0 |
_aIndian -- History. _950447 |
|
| 942 |
_2ddc _cBK |
||
| 999 |
_c553180 _d553180 |
||